<?xml version="1.0" encoding="UTF-8"?><?xml-stylesheet type="text/xsl" href="static/style.xsl"?><OAI-PMH xmlns="http://www.openarchives.org/OAI/2.0/" xmlns:xsi="http://www.w3.org/2001/XMLSchema-instance" xsi:schemaLocation="http://www.openarchives.org/OAI/2.0/ http://www.openarchives.org/OAI/2.0/OAI-PMH.xsd"><responseDate>2026-06-01T02:18:08Z</responseDate><request verb="GetRecord" identifier="oai:riuma.uma.es:10630/29396" metadataPrefix="marc">https://riuma.uma.es/rest/oai/request</request><GetRecord><record><header><identifier>oai:riuma.uma.es:10630/29396</identifier><datestamp>2026-02-03T11:35:09Z</datestamp><setSpec>com_10630_2254</setSpec><setSpec>col_10630_37953</setSpec></header><metadata><record xmlns="http://www.loc.gov/MARC21/slim" xmlns:dcterms="http://purl.org/dc/terms/" xmlns:doc="http://www.lyncode.com/xoai" xmlns:xsi="http://www.w3.org/2001/XMLSchema-instance" xsi:schemaLocation="http://www.loc.gov/MARC21/slim http://www.loc.gov/standards/marcxml/schema/MARC21slim.xsd">
   <leader>00925njm 22002777a 4500</leader>
   <datafield ind2=" " ind1=" " tag="042">
      <subfield code="a">dc</subfield>
   </datafield>
   <datafield ind2=" " ind1=" " tag="720">
      <subfield code="a">Sánchez-Molina, María</subfield>
      <subfield code="e">author</subfield>
   </datafield>
   <datafield ind2=" " ind1=" " tag="720">
      <subfield code="a">Díaz-Morilla, Amelia</subfield>
      <subfield code="e">author</subfield>
   </datafield>
   <datafield ind2=" " ind1=" " tag="720">
      <subfield code="a">Sauter, Eric</subfield>
      <subfield code="e">author</subfield>
   </datafield>
   <datafield ind2=" " ind1=" " tag="720">
      <subfield code="a">Zharnikov, Michael</subfield>
      <subfield code="e">author</subfield>
   </datafield>
   <datafield ind2=" " ind1=" " tag="720">
      <subfield code="a">López-Romero, Juan Manuel</subfield>
      <subfield code="e">author</subfield>
   </datafield>
   <datafield ind2=" " ind1=" " tag="260">
      <subfield code="c">2018-11-09</subfield>
   </datafield>
   <datafield ind2=" " ind1=" " tag="520">
      <subfield code="a">We describe design and synthesis of novel tripod-shaped molecules that are potentially capable of monomolecular assembly on noble metal substrates, maintaining, due to their rigidity and specific geometry, the orientation of the functional arm in a perpendicular fashion with respect to the substrate. Using a combination of X-ray photoelectron spectroscopy, X-ray absorption spectroscopy and atomic force microscopy, the ability of these molecules to form well-defined and densely packed self-assembled monolayers (SAMs) on Au(111) was demonstrated, with the majority of the molecules adsorbed in the predefined tripodal geometry, relying on the thiolate-gold anchors. The functionality of the respective monomolecular templates was proved by click reaction between the terminal alkyne groups of the monolayers and complementary azide-substituted substituent (theophylline), which served potentially as specific protein receptor. The resulting theophylline-terminated films were successfully tested for specific protein adsorption, verifying the validity and reliability of the presented concept, in terms of the tripod design and its "activation" by the click reaction.</subfield>
   </datafield>
   <datafield ind1="8" ind2=" " tag="024">
      <subfield code="a">María Sánchez-Molina, Amelia Díaz, Eric Sauter, Michael Zharnikov, J. Manuel López-Romero, Tripod-shaped molecules: Synthesis and immobilization on Au(1 1 1) substrates, Applied Surface Science, Volume 470, 2019, Pages 259-268, ISSN 0169-4332, https://doi.org/10.1016/j.apsusc.2018.11.013</subfield>
   </datafield>
   <datafield ind1="8" ind2=" " tag="024">
      <subfield code="a">https://hdl.handle.net/10630/29396</subfield>
   </datafield>
   <datafield ind1="8" ind2=" " tag="024">
      <subfield code="a">10.1016/j.apsusc.2018.11.013</subfield>
   </datafield>
   <datafield tag="653" ind2=" " ind1=" ">
      <subfield code="a">Macromoléculas</subfield>
   </datafield>
   <datafield tag="653" ind2=" " ind1=" ">
      <subfield code="a">Reacciones químicas orgánicas</subfield>
   </datafield>
   <datafield tag="653" ind2=" " ind1=" ">
      <subfield code="a">Teofilina</subfield>
   </datafield>
   <datafield tag="653" ind2=" " ind1=" ">
      <subfield code="a">Superficies (Tecnología) - Análisis</subfield>
   </datafield>
   <datafield ind2="0" ind1="0" tag="245">
      <subfield code="a">Tripod-shaped molecules: Synthesis and immobilization on Au(1 1 1) substrates.</subfield>
   </datafield>
</record>
</metadata></record></GetRecord></OAI-PMH>